| 000 | 01051cab a2200193 4500 | ||
|---|---|---|---|
| 001 | ##L134831 | ||
| 008 | 060905n2006 000 0 eng u | ||
| 035 | _a(Sirsi) u134831 | ||
| 041 | 0 | _aeng | |
| 245 | 0 | 0 | _aFreedom to roam |
| 260 | _c2006 | ||
| 490 | 0 |
_aBuilding _v271(8445) 1 September 2006, 60(1) |
|
| 520 | _aExamines the issues that can arise for international organisations who fail to secure adequate professional indemnity insurance. A recent case "Brit Syndicates Ltd and Others v Italaudit SPA and Another" ([2006] EWHC 341 (Comm), unreported) emphasised the need to ensure that all of a firm's overseas operations are insured under the same policy. Explains why worldwide cover is more expensive than UK or EU cover and highlights the difference between jurisdictional and territorial cover. | ||
| 590 | _aIKA190906 | ||
| 650 | 2 | 4 | _aBRIT SYNDICATES LTD AND OTHERS V ITALAUDIT SPA AND ANOTHER |
| 651 | 4 |
_aEngland and Wales _y1543- |
|
| 690 | _aMANAGEMENT-BUSINESS MANAGEMENT-INSURANCE-PROFESSIONAL INDEMNITY INSURANCE | ||
| 942 | _n0 | ||
| 999 |
_c77669 _d77669 |
||